LEADER 03244nam 2200625 450 001 9910464513503321 005 20200520144314.0 010 $a0-292-75470-1 035 $a(CKB)3710000000081483 035 $a(EBL)3571777 035 $a(SSID)ssj0001114439 035 $a(PQKBManifestationID)11615303 035 $a(PQKBTitleCode)TC0001114439 035 $a(PQKBWorkID)11054397 035 $a(PQKB)11621857 035 $a(MiAaPQ)EBC3571777 035 $a(Au-PeEL)EBL3571777 035 $a(CaPaEBR)ebr10823669 035 $a(OCoLC)932326804 035 $a(EXLCZ)993710000000081483 100 $a20140118d2013 uy 0 101 0 $aeng 135 $aur|n|---||||| 181 $ctxt 182 $cc 183 $acr 200 10$aKawsay Vida $ea Quechua course for beginners and beyond : course book and interactive multimedia dvd /$fby Rosaleen Howard ; with contributions by Phil Jimmieson [and five others] 210 1$aAustin, Texas :$cUniversity of Texas Press,$d2013. 210 4$d©2013 215 $a1 online resource (224 p.) 225 1 $aRecovering Languages and Literacies of the Americas 300 $aDescription based upon print version of record. 311 $a0-292-75624-0 320 $aIncludes bibliographical references. 327 $a""Acknowledgments""; ""Introduction / About Kawsay Vida""; ""PART I""; ""1 / Juk. Napaykuna / Greetings""; ""2 / Iskay. Runakuna / People""; ""3 / Kimsa. P'acha / Clothing""; ""4 / Tawa. Ruwana / Daily Tasks""; ""5 / Phichqa. Maymantataq jamunki? / Where Do You Come From?""; ""6 / Squta. Maymantaq richkanki? / Where Are You Going?""; ""7 / Qanchis. Yuyarina / Review""; ""PART II""; ""8/Pusaq. Allin kay / Health""; ""9 / Jisq'un. Chhiqa / Places""; ""10 / Chunka. Away / Weaving""; ""11 / Chunka jukniyuq. Simikuna / Languages""; ""12 / Chunka iskayniyuq. P'achamanta / Clothing Styles"" 327 $a""13 / Chunka kimsayuq. Yuyarina / Review""""PART III""; ""14 / Chunka tawayuq. Awayta yachay / Learning to Weave""; ""15 / Chunka phichqayuq. Fiesta ruwana tiyan / Having to Sponsor a Fiesta""; ""16 / Chunka suqtayuq. Unquy / Illness""; ""17 / Chunka qanchisniyuq. Feriaman riy / Going to Market""; ""18 / Chunka pusaqniyuq. Mikhunata ruway / Preparing Food""; ""19 / Chunka jisq'unniyuq. Inkamanta / About the Incas""; ""20 / Iskay chunka. Kamachiqmanta / About the President""; ""21 / Iskay chunka jukniyuq. Yuyarina / Review"" 327 $a""22 / Iskay chunka iskayniyuq. Jallp'amanta Parlarisun / Let's Talk about the Earth""""Vocabulary Checklist""; ""References"" 410 0$aRecovering Languages and Literacies of the Americas 606 $aQuechua language$vTextbooks for foreign speakers 606 $aQuechua language$xGrammar 606 $aQuechua language$vSound recordings for foreign speakers 608 $aElectronic books. 615 0$aQuechua language 615 0$aQuechua language$xGrammar. 615 0$aQuechua language 676 $a498/.32382421 700 $aHoward$b Rosaleen$0969509 701 $aJimmieson$b Phil$0969510 801 0$bMiAaPQ 801 1$bMiAaPQ 801 2$bMiAaPQ 906 $aBOOK 912 $a9910464513503321 996 $aKawsay Vida$92203182 997 $aUNINA LEADER 01430nam0 22003011i 450 001 UON00312859 005 20260324101535.161 010 $a88-7041-152-4 100 $a20080624d2002 |0itac50 ba 101 $aita$aFRE 102 $aIT 105 $a|||| ||||| 200 1 $aMonumenta Proximi-Orientis. 5$eÉgypte (1591-1699)$fpar Charles Libois 210 $aRoma$cInstitutum Historicum Societatis Iesu$d2002 215 $alxii, 593 p.$d24 cm. 410 1$1001UON00280365$12001 $aMonumenta Historica Societatis Iesu$1210 $aRoma$cInstitutum Historicum Societatis Iesu. Serie nuova$vVol. 152 410 1$1001UON00312865$12001 $aMonumenta Missionum Societatis Iesu$1210 $aRoma$cInstitutum Historicum Societatis Iesu.$v65 606 $aGesuiti$xMissioni$xMedio Oriente$xSec. 16.-18.$xDocumenti$3UONC068946$2FI 620 $aIT$dRoma$3UONL000004 676 $a266.256$cMISSIONI CATTOLICHE. Medio Oriente$v21 702 1$aLibois$bCharles$3UONV178923 712 $aInstitutum Historicum Societatis Iesu$3UONV247595$4650 801 $aIT$bSOL$c20260327$gRICA 899 $aSIBA - SISTEMA BIBLIOTECARIO DI ATENEO E ARCHIVIO STORICO$2UONSI 912 $aUON00312859 950 $aSIBA - SISTEMA BIBLIOTECARIO DI ATENEO E ARCHIVIO STORICO$dSI BIB A 0478 $eSI FP 17744 7 0478 $sBuono 996 $aMonumenta Proximi-Orientis. 5$91851510 997 $aUNIOR